Ajax: (Record no. 19818)

MARC details
000 -LEADER
fixed length control field 00992nam a2200277 a 4500
005 - DATE AND TIME OF LATEST TRANSACTION
control field 19900720100950.3
008 - FIXED-LENGTH DATA ELEMENTS--GENERAL INFORMATION
fixed length control field 891020s1990 nyua b 001 0 eng
010 ## - LCCN (DPL NO)
LC control number ENG-92186
020 ## - INTERNATIONAL STANDARD BOOK NUMBER
International Standard Book Number 9780070139695
Terms of availability 450.00
020 ## - INTERNATIONAL STANDARD BOOK NUMBER
International Standard Book Number 0070139695
Terms of availability 450.00
035 ## - SYSTEM CONTROL NUMBER
System control number EN-75719
037 ## - SOURCE OF ACQUISITION
Source of stock number/acquisition DBAD / PUB
040 ## - CATALOGING SOURCE
Original cataloging agency dpl
Language of cataloging English
082 ## - DEWEY DECIMAL CLASSIFICATION NUMBER
Classification number 006.78
100 ## - MAIN ENTRY--PERSONAL NAME
Personal name Holzner, Steven
245 ## - TITLE STATEMENT
Title Ajax:
Statement of responsibility, etc by Steven Holzner
Remainder of title a beginner's guide /
260 ## - PUBLICATION, DISTRIBUTION, ETC. (IMPRINT)
Place of publication, distribution, etc New Delhi
Name of publisher, distributor, etc Tata McGraw-Hill Publishing
Date of publication, distribution, etc 2009
300 ## - PHYSICAL DESCRIPTION
Extent xvii, 475p.
Dimensions 24 cm (pbk)
500 ## - GENERAL NOTE
General note Includes index
650 ## - SUBJECT ADDED ENTRY--TOPICAL TERM
Topical term or geographic name as entry element Ajax (Web site development technology)
650 ## - SUBJECT ADDED ENTRY--TOPICAL TERM
Topical term or geographic name as entry element JavaScript (Computer program language)
650 ## - SUBJECT ADDED ENTRY--TOPICAL TERM
Topical term or geographic name as entry element Web sites
General subdivision Design.
650 ## - SUBJECT ADDED ENTRY--TOPICAL TERM
Topical term or geographic name as entry element Web site development.
942 ## - ADDED ENTRY ELEMENTS (KOHA)
Source of classification or shelving scheme Dewey Decimal Classification
Item type English Books
Call number suffix HOL
Classification part 006.78
Holdings
Withdrawn status Lost status Source of classification or shelving scheme Damaged status Not for loan Collection code Home library Current library Date acquired Source of acquisition Cost, normal purchase price Total Checkouts Full call number Barcode Date last seen Copy number Cost, replacement price Koha item type
    Dewey Decimal Classification   Not For Loan Non-fiction D.B.Act.Division D.B.Act.Division 15/12/2008 DBAD / PUB 450.00   006.78 HOL EN-75719 15/12/2008 1 450.00 English Books

© Delhi Public Library
Hit Counter
free hit counter